Normal view
MARC view
Entry Personal Name
001 - CONTROL NUMBER
- control field: 24809
003 - CONTROL NUMBER IDENTIFIER
- control field: OSt
005 - DATE AND TIME OF LATEST TRANSACTION
- control field: 20211224084548.0
008 - FIXED-LENGTH DATA ELEMENTS
- fixed length control field: 211224|| aca||aabn | a|a d
040 ## - CATALOGING SOURCE
- Original cataloging agency: OSt
- Transcribing agency: OSt
100 ## - HEADING--PERSONAL NAME
- Personal name: Stephen
670 ## - SOURCE DATA FOUND
- Source citation: Work cat.: (OSt)23861: Stephen, Teach Yourself Access 7